Shang-Chi and the legend of the ten rings / directed by Destin Daniel Cretton ; screenplay by Dave Callaham, Destin Daniel, Cretton Andrew Lanham ; produced by Kevin Feige, Jonathan Schwartz. (Record no. 20924)
| 000 -LEADER | |
|---|---|
| fixed length control field | 01938nam a22003737a 4500 |
| 008 - FIXED-LENGTH DATA ELEMENTS--GENERAL INFORMATION | |
| fixed length control field | 250528b xxu||||| |||| 00| 0 eng d |
| 040 ## - CATALOGING SOURCE | |
| Original cataloging agency | Cagayan State University |
| Description conventions | RDA |
| 082 ## - DEWEY DECIMAL CLASSIFICATION NUMBER | |
| Classification number | 791.4372 |
| Item number | S5284 2021 |
| 245 ## - TITLE STATEMENT | |
| Title | Shang-Chi and the legend of the ten rings / directed by Destin Daniel Cretton ; screenplay by Dave Callaham, Destin Daniel, Cretton Andrew Lanham ; produced by Kevin Feige, Jonathan Schwartz. |
| 260 ## - PUBLICATION, DISTRIBUTION, ETC. (IMPRINT) | |
| Place of publication, distribution, etc | United States : |
| Name of publisher, distributor, etc | Walt Disney Studios, |
| Date of publication, distribution, etc | 2021. |
| 300 ## - PHYSICAL DESCRIPTION | |
| Extent | 1 videofile, (ca. 132 mins.) : |
| Other physical details | sound, color. |
| 520 ## - SUMMARY, ETC. | |
| Summary, etc | When his father, Wenwu, the leader of the "Ten Rings" terrorist organization, sends assassins after him, Shang-Chi is forced to confront his tragic past. With his friend Katy, he travels to Macau to warn his sister Xialing, leading to a dramatic battle in an underground fight club. Captured, they learn Wenwu plans to invade the mythical village of Ta Lo - believing their mother is imprisoned there. Teaming up with Ta Lo's villagers, Shang-Chi battles Wenwu and the dark creatures he unleashes. With the help of a legendary dragon, Shang-Chi gains control over the Ten Rings, finally defeating the dark forces. |
| 521 ## - TARGET AUDIENCE NOTE | |
| Target audience note | Rated PG-13 for sequences of violence and action, and language. |
| 546 ## - LANGUAGE NOTE | |
| Language note | In English subtitle. |
| 650 ## - SUBJECT ADDED ENTRY--TOPICAL TERM | |
| Topical term or geographic name as entry element | Action. |
| 650 ## - SUBJECT ADDED ENTRY--TOPICAL TERM | |
| Topical term or geographic name as entry element | Adventure. |
| 650 ## - SUBJECT ADDED ENTRY--TOPICAL TERM | |
| Topical term or geographic name as entry element | Fantasy. |
| 650 ## - SUBJECT ADDED ENTRY--TOPICAL TERM | |
| Topical term or geographic name as entry element | Sci-Fi. |
| 700 ## - ADDED ENTRY--PERSONAL NAME | |
| Personal name | Liu, Simu, star. |
| 700 ## - ADDED ENTRY--PERSONAL NAME | |
| Personal name | Awkwafina, star. |
| 700 ## - ADDED ENTRY--PERSONAL NAME | |
| Personal name | Zhang, Meng'er, star. |
| 700 ## - ADDED ENTRY--PERSONAL NAME | |
| Personal name | Chen, Fala, star. |
| 700 ## - ADDED ENTRY--PERSONAL NAME | |
| Personal name | Munteanu, Florian, star. |
| 700 ## - ADDED ENTRY--PERSONAL NAME | |
| Personal name | Wong, Benedict, star. |
| 700 ## - ADDED ENTRY--PERSONAL NAME | |
| Personal name | Wah, Yuen, star. |
| 700 ## - ADDED ENTRY--PERSONAL NAME | |
| Personal name | Yeoh, Michelle, star. |
| 700 ## - ADDED ENTRY--PERSONAL NAME | |
| Personal name | Kingsley, Ben, star. |
| 700 ## - ADDED ENTRY--PERSONAL NAME | |
| Personal name | Leung, Tony, star. |
| 700 ## - ADDED ENTRY--PERSONAL NAME | |
| Personal name | Pope, William, cinematographer. |
| 700 ## - ADDED ENTRY--PERSONAL NAME | |
| Personal name | Sanders, Nat, editor. |
| 700 ## - ADDED ENTRY--PERSONAL NAME | |
| Personal name | Ronaldsdóttir, Elísabet, editor. |
| 700 ## - ADDED ENTRY--PERSONAL NAME | |
| Personal name | Yoon, Harry, editor. |
| 942 ## - ADDED ENTRY ELEMENTS (KOHA) | |
| Source of classification or shelving scheme | |
| Item type | Audio-Visual Materials |
No copies available.